Normal view
MARC view
- MANSTEIN, ERICH VON
Entry Personal Name
001 - CONTROL NUMBER
- control field: 57621
003 - CONTROL NUMBER IDENTIFIER
- control field: NUST
005 - DATE AND TIME OF LATEST TRANSACTION
- control field: 20210628201949.0
008 - FIXED-LENGTH DATA ELEMENTS
- fixed length control field: 210628|| aca||aabn | a|a d
040 ## - CATALOGING SOURCE
- Original cataloging agency: NUST
- Transcribing agency: NUST
100 ## - HEADING--PERSONAL NAME
- Personal name: MANSTEIN, ERICH VON
670 ## - SOURCE DATA FOUND
- Source citation: Work cat.: (NUST): MANSTEIN, ERICH VON, LAST VICTORIES, 1958
